Les 10 villes les plus peuplées de la Nièvre (58) - Statistiques

Statistiques générales
  • Ce quiz a été pris 36 fois
  • Le résultat moyen est 5 sur 10
Statistiques - réponses
Population Communes % Correct
33 200 Nevers
100%
9 800 Cosne-Cours-sur-Loire
79%
3 600 Clamecy
69%
9 200 Varennes-Vauzelles
66%
5 000 Decize
59%
4 700 La Charité-sur-Loire
59%
3 700 Marzy
45%
4 000 Fourchambault
41%
3 700 Garchizy
17%
3 700 Coulanges-lès-Nevers
14%
Aucun quiz correspondant
Distribution des résultats
% des personnes avec chaque résultat
Percentile par nombre de réponses
Votre historique - résultats
Vous n’avez pas pris ce quiz